Role of teachers in Indian national movement (Record no. 1384194)

MARC details
000 -LEADER
fixed length control field 00513nam a2200181Ia 4500
005 - DATE AND TIME OF LATEST TRANSACTION
control field 20250508163559.0
008 - FIXED-LENGTH DATA ELEMENTS--GENERAL INFORMATION
fixed length control field 008 250505s9999 xx 000 0 eng d
037 ## - SOURCE OF ACQUISITION
Stock number Dissertations
040 ## - CATALOGING SOURCE
Original cataloging agency FEDL
Language of cataloging eng
Transcribing agency FEDL
041 ## - LANGUAGE CODE
Language code of text/sound track or separate title eng
Source of code eng
084 ## - COLON CLASSIFICATION NUMBER
Classification number 954, SIN/DI
Assigning agency FEDL
100 ## - MAIN ENTRY--PERSONAL NAME
Personal name Singh Sushil Kumar
245 #0 - TITLE STATEMENT
Title Role of teachers in Indian national movement
260 ## - PUBLICATION, DISTRIBUTION, ETC.
Date of publication, distribution, etc. 1998
546 ## - LANGUAGE NOTE
Language note M.Ed. Dissertation (Delhi University)
942 ## - ADDED ENTRY ELEMENTS (KOHA)
Koha item type Dissertations
Classification part 954, SIN/DI
Holdings
Withdrawn status Lost status Damaged status Not for loan Home library Current library Date acquired Total Checkouts Full call number Barcode Date last seen Price effective from Koha item type
        Department of Education Library Department of Education Library 2025-05-08   954, SIN/DI EL0077648 2025-05-08 2025-05-08 Dissertations
Copyright @ Delhi University Library System